Bhagavad Gita : As It Is (Record no. 47381)

MARC details
000 -LEADER
fixed length control field 00654nam a22001937a 4500
005 - DATE AND TIME OF LATEST TRANSACTION
control field 20260325122124.0
008 - FIXED-LENGTH DATA ELEMENTS--GENERAL INFORMATION
fixed length control field 260325b |||||||| |||| 00| 0 eng d
020 ## - INTERNATIONAL STANDARD BOOK NUMBER
International Standard Book Number 9789384564193
040 ## - CATALOGING SOURCE
Transcribing agency VITAP
082 ## - DEWEY DECIMAL CLASSIFICATION NUMBER
Edition number 23rd Ed.
Classification number 294.5924 PRA
100 ## - MAIN ENTRY--PERSONAL NAME
Personal name Prabhupada, A. C. Bhaktivedanta Swami
9 (RLIN) 17352
245 ## - TITLE STATEMENT
Title Bhagavad Gita : As It Is
Statement of responsibility, etc. / A. C. Bhaktivedanta Swami Prabhupada
250 ## - EDITION STATEMENT
Edition statement 2nd Ed.
260 ## - PUBLICATION, DISTRIBUTION, ETC.
Place of publication, distribution, etc. Mumbai
Name of publisher, distributor, etc. Bhaktivedanta Book Trust
Date of publication, distribution, etc. 2022
300 ## - PHYSICAL DESCRIPTION
Extent xx, 924p. : ill. ; 22cm
500 ## - GENERAL NOTE
General note It includes Index Pages.
650 #0 - SUBJECT ADDED ENTRY--TOPICAL TERM
Topical term or geographic name entry element Bhagavadgīta; Hinduism; Vedic Knowledge; Lord Krsihna; Karma Yoga
Source of heading or term
9 (RLIN) 17353
942 ## - ADDED ENTRY ELEMENTS (KOHA)
Source of classification or shelving scheme Dewey Decimal Classification
Koha item type Reference Book
Holdings
Withdrawn status Lost status Source of classification or shelving scheme Materials specified (bound volume or other part) Damaged status Not for loan Collection code Home library Current library Shelving location Date acquired Source of acquisition Cost, normal purchase price Inventory number Total Checkouts Full call number Barcode Date last seen Cost, replacement price Price effective from Koha item type Public note
    Dewey Decimal Classification Hard Bound     Reference School of Business & General Section VIT-AP Reference 2026-03-24 Donated by Dr. Saroj Kumar Panigrahy (70051) 0.00 DB2   294.5924 PRA 025698 2026-03-25 0.00 2026-03-24 Reference Book GEN

Visitor Number: